000 01912nam0a2200373 4500
001 RU\NLR\bibl\1274948
005 20260406043123.0
010 _a978-5-7695-5021-8
_915000
021 _aRU
_b2008-58436
_93257
035 _a(NLR Aleph) 001260776
090 _a377695
_c377695
100 _a20080918d2008 |||y0rusy50 ca
101 0 _arus
_ager
102 _aRU
105 _aa |||||||||
200 1 _aСтилистика современного немецкого языка
_dStilistik der deutschen Gegenwartssprache
_eучебное пособие для студентов, аспирантов и преподавателей лингвистических вузов и факультетов
_fН.А. Богатырева, Л.А. Ноздрина
_zger
205 _a2-е, стереотип.
210 _aМосква
_cAcademia
_d2008
215 _a330, [1] с.
_cил.
_d22
225 1 _aВысшее профессиональное образование
_iИностранные языки
225 1 _aУчебное пособие
300 _aНа 4-й с. обл. авт.: Богатырева Н.А. - к.филол.н., проф., Ноздрина Л.А. - д.филол.н., проф.
320 _aБиблиогр. в конце глав
510 0 _aStilistik der deutschen Gegenwartssprache
_zger
606 1 _aНемецкий язык
_jУчебные издания для высших учебных заведений
_xСтилистика
_91724224
_3RU\NLR\auth\66769800
686 _aШ143.24-7я7
686 _aШ143.24-93рус3-7
700 1 _4070
_8rus
_7ca
_aБогатырева
_bН. А.
_3RU\NLR\auth\773226
_9113232
701 1 _4070
_8rus
_7ca
_aНоздрина
_bЛ. А.
_gЛюдмила Александровна
_3RU\NLR\auth\7735098
_918097
801 0 _aRU
_bNLR
_c20080918
_gRCR
801 1 _aRU
_bNLR
_c20080918
942 _cBOOK
980 _aNB